Presencias y ausencias culturales

Este libro ofrece un horizonte cultural amplio, analizado desde diferentes perspectivas, que servirán de punto de apoyo a prácticas sociales acordes a un mundo intercultural, pero a la vez trascendiendo tiempo y espacio.

Salvato in:
Dettagli Bibliografici
Ente Autore: Corporación para la Producción y Divulgación de la Ciencia y la Cultura (Bogotá)
Natura: Libro
Lingua:Spanish
Pubblicazione: Bogotá: CORPRODIC, 1993
Serie:Serie educación cultura y sociedad No. 2
Soggetti:
Accesso online:Enlace del recurso
Tags: Aggiungi Tag
Nessun Tag, puoi essere il primo ad aggiungerne! !

MARC

LEADER 00000nam a2200000 a 4500
001 000946
008 030424s1993 ck a fr# #000|0#spa#d
020 |a 958-95335-4-X 
041 0 |a spa 
043 |a s-ck--- 
082 0 4 |a 301.2063  |b C566p 
110 2 |a Corporación para la Producción y Divulgación de la Ciencia y la Cultura (Bogotá) 
245 1 0 |a Presencias y ausencias culturales   |c CORPRODIC 
260 |a Bogotá:  |b CORPRODIC,  |c 1993 
300 |a 196 p.:  |b il. 
440 0 |a Serie educación cultura y sociedad No. 2 
504 |a Incluye bibliografía al final de algunos artículos. 
520 3 |a Este libro ofrece un horizonte cultural amplio, analizado desde diferentes perspectivas, que servirán de punto de apoyo a prácticas sociales acordes a un mundo intercultural, pero a la vez trascendiendo tiempo y espacio. 
650 1 4 |a ANTROPOLOGÍA CULTURAL  |z COLOMBIA 
650 1 4 |a CULTURA 
999 |c 3098  |d 3098 
856 |u https://catalogo.idep.edu.co/cgi-bin/koha/opac-detail.pl?biblionumber=3098  |z Enlace del recurso